TEXTBOOK ON THE LAW OF EVIDENCE (Record no. 19779)
[ view plain ]
| 000 -LEADER | |
|---|---|
| fixed length control field | 00321nam a22001457a 4500 |
| 003 - CONTROL NUMBER IDENTIFIER | |
| control field | SGT |
| 020 ## - INTERNATIONAL STANDARD BOOK NUMBER | |
| International Standard Book Number | 9789386515124 |
| 082 ## - DEWEY DECIMAL CLASSIFICATION NUMBER | |
| Classification number | 345.06 |
| Item number | MON |
| 100 ## - MAIN ENTRY--PERSONAL NAME | |
| Personal name | MONIR , M |
| 245 ## - TITLE STATEMENT | |
| Title | TEXTBOOK ON THE LAW OF EVIDENCE |
| 250 ## - EDITION STATEMENT | |
| Edition statement | 11 |
| 260 ## - PUBLICATION, DISTRIBUTION, ETC. (IMPRINT) | |
| Place of publication, distribution, etc | GURGAON |
| Name of publisher, distributor, etc | LEXIS NEXIS |
| Year of Publication | 2019 |
| 300 ## - PAGE DESCRIPTION | |
| No. of Pages | LXXIV , 520 |
| 942 ## - ADDED ENTRY ELEMENTS (KOHA) | |
| Source of classification or shelving scheme | Dewey Decimal Classification |
| Koha item type | Books |
| 942 ## - ADDED ENTRY ELEMENTS (KOHA) | |
| -- | 25 |
| Withdrawn status | Lost status | Source of classification or shelving scheme | Damaged status | Not for loan | Collection code | Home library | Current library | Shelving location | Date acquired | Vendor Name | Cost, normal purchase price | SGTU | Bill Number | Full call number | Accession No. (Barcode) | Date last seen | Bill Date | Koha item type | Total Checkouts | Date last borrowed |
|---|---|---|---|---|---|---|---|---|---|---|---|---|---|---|---|---|---|---|---|---|
| Dewey Decimal Classification | Not For Loan | LAW | SGT Science & Social Sciences Library | SGT Science & Social Sciences Library | Reference Book | 18/02/2020 | COMMERCIAL BOOK HOUSE | 550.00 | SGTU | 2559 | 345.06 MON | FL2449 | 18/02/2020 | 20/01/2020 | Books | |||||
| Dewey Decimal Classification | LAW | SGT Science & Social Sciences Library | SGT Science & Social Sciences Library | Text Book | 18/02/2020 | COMMERCIAL BOOK HOUSE | 550.00 | SGTU | 2559 | 345.06 MON | FL2450 | 02/03/2024 | 20/01/2020 | Books | 7 | 19/02/2024 | ||||
| Dewey Decimal Classification | LAW | SGT Science & Social Sciences Library | SGT Science & Social Sciences Library | Text Book | 18/02/2020 | COMMERCIAL BOOK HOUSE | 550.00 | SGTU | 2559 | 345.06 MON | FL2451 | 02/04/2025 | 20/01/2020 | Books | 11 | 10/03/2025 | ||||
| Dewey Decimal Classification | LAW | SGT Science & Social Sciences Library | SGT Science & Social Sciences Library | Text Book | 18/02/2020 | COMMERCIAL BOOK HOUSE | 550.00 | SGTU | 2559 | 345.06 MON | FL2452 | 03/02/2024 | 20/01/2020 | Books | 2 | 15/04/2023 | ||||
| Dewey Decimal Classification | LAW | SGT Science & Social Sciences Library | SGT Science & Social Sciences Library | Text Book | 18/02/2020 | COMMERCIAL BOOK HOUSE | 550.00 | SGTU | 2559 | 345.06 MON | FL2453 | 17/06/2025 | 20/01/2020 | Books | 7 | 07/06/2025 |